[Event "EU-ch Online 2300+ Qual"]
[Site "Chess.com INT"]
[Date "2020.05.29"]
[Round "7"]
[White "Tekeyev, Zaur"]
[Black "Usmanov, Ilnur"]
[Result "1-0"]
[WhiteElo "2396"]
[BlackElo "2147"]
[PlyCount "51"]
[EventDate "2020.05.29"]
[EventType "swiss"]
[EventRounds "8"]
[EventCountry "NET"]
[SourceTitle "CBM 196 Extra"]
[Source "ChessBase"]
[SourceDate "2020.07.31"]
[SourceVersion "1"]
[SourceVersionDate "2020.07.31"]
[SourceQuality "1"]

1. e4 c6 2. d4 d5 3. e5 Bf5 4. Bd3 Bxd3 5. Qxd3 e6 6. Ne2 c5 7. c3 Nc6 8. 0-0 Nge7 9. Nd2 Nf5 10. Nf3 Be7 11. g4 Nh4 12. Nxh4 Bxh4 13. f4 cxd4 14. cxd4 g6 15. Kh1 Qb6 16. f5 0-0-0 17. Be3 gxf5 18. gxf5 Ne7 19. f6 Nf5 20. Rxf5 exf5 21. Qxf5+ Kb8 22. b3 Qb5 23. Nf4 Rhg8 24. e6 fxe6 25. Nxe6 Qe2 26. Qe5+ 1-0

[Event "EU-ch Online 2300+ Qual"]
[Site "Chess.com INT"]
[Date "2020.05.29"]
[Round "8"]
[White "Usmanov, Ilnur"]
[Black "Grafl, Florian"]
[Result "0-1"]
[WhiteElo "2147"]
[BlackElo "2353"]
[PlyCount "76"]
[EventDate "2020.05.29"]
[EventType "swiss"]
[EventRounds "8"]
[EventCountry "NET"]
[SourceTitle "CBM 196 Extra"]
[Source "ChessBase"]
[SourceDate "2020.07.31"]
[SourceVersion "1"]
[SourceVersionDate "2020.07.31"]
[SourceQuality "1"]

1. c4 Nc6 2. Nc3 e5 3. g3 f5 4. Bg2 Nf6 5. e3 d5 6. Nxd5 Nxd5 7. cxd5 Nb4 8. d3 Nxd5 9. Nf3 Bb4+ 10. Bd2 Bxd2+ 11. Qxd2 Qd6 12. d4 e4 13. Ne5 0-0 14. Rc1 c6 15. 0-0 Be6 16. Rfd1 Nf6 17. b3 Nd7 18. Nxd7 Qxd7 19. Bf1 b5 20. Rc5 Bd5 21. Qa5 a6 22. Rdc1 g5 23. Qc3 Rac8 24. a4 Rb8 25. Qa5 Ra8 26. Qb4 f4 27. axb5 axb5 28. Bxb5 cxb5 29. Qxb5 Rad8 30. b4 fxe3 31. fxe3 Qf7 32. Qe2 Qf3 33. Qxf3 Rxf3 34. R1c3 h6 35. b5 Be6 36. b6 Bh3 37. Rc1 Rdf8 38. Rc8 Bxc8 0-1

[Event "EU-ch Online 2300+ Qual"]
[Site "Chess.com INT"]
[Date "2020.05.29"]
[Round "3"]
[White "Zpevak, Pavel"]
[Black "Usmanov, Ilnur"]
[Result "1-0"]
[WhiteElo "2344"]
[BlackElo "2147"]
[PlyCount "91"]
[EventDate "2020.05.29"]
[EventType "swiss"]
[EventRounds "8"]
[EventCountry "NET"]
[SourceTitle "CBM 196 Extra"]
[Source "ChessBase"]
[SourceDate "2020.07.31"]
[SourceVersion "1"]
[SourceVersionDate "2020.07.31"]
[SourceQuality "1"]

1. d4 d5 2. c4 c6 3. Nf3 Nf6 4. Qc2 g6 5. Bf4 Bf5 6. Qb3 Qb6 7. e3 Bg7 8. Nc3 Nbd7 9. Be2 0-0 10. 0-0 Ne4 11. cxd5 Qxb3 12. axb3 Nxc3 13. bxc3 cxd5 14. c4 Nf6 15. c5 Ne4 16. Rfc1 Rfc8 17. b4 a6 18. h3 h5 19. Ra3 Bf6 20. Rca1 g5 21. Bh2 g4 22. hxg4 hxg4 23. Ne1 Bh4 24. Nd3 g3 25. fxg3 Bxg3 26. Nf4 Bf2+ 27. Kf1 Bg3 28. Bxg3 Nxg3+ 29. Ke1 Be4 30. b5 f6 31. Kf2 Nf5 32. g4 Ng7 33. bxa6 bxa6 34. Rxa6 Rxa6 35. Rxa6 e5 36. Nh5 Nxh5 37. gxh5 Kg7 38. c6 Bf5 39. Ra7+ Kh6 40. c7 Kg5 41. Ba6 Rh8 42. Be2 exd4 43. exd4 Bg4 44. Ra5 Bxe2 45. Rxd5+ Kf4 46. Rd8 1-0

[Event "EU-ch Online U2300 Final"]
[Site "Chess.com INT"]
[Date "2020.05.26"]
[Round "5"]
[White "Gasimov, Parviz"]
[Black "Usmanov, Ilnur"]
[Result "0-1"]
[WhiteElo "2337"]
[BlackElo "2147"]
[PlyCount "64"]
[EventDate "2020.05.26"]
[EventType "swiss"]
[EventRounds "8"]
[EventCountry "NET"]
[SourceTitle "CBM 196 Extra"]
[Source "ChessBase"]
[SourceDate "2020.07.31"]
[SourceVersion "1"]
[SourceVersionDate "2020.07.31"]
[SourceQuality "1"]

1. e4 c6 2. d4 d5 3. exd5 cxd5 4. c4 e6 5. Nc3 Be7 6. Nf3 Nf6 7. cxd5 exd5 8. Bb5+ Bd7 9. Qb3 0-0 10. 0-0 Bxb5 11. Qxb5 Nc6 12. Qxb7 Nb4 13. Bf4 Bd6 14. Bxd6 Qxd6 15. Ne5 Nc2 16. Rad1 Nxd4 17. Nxf7 Qf4 18. Nd6 Qxd6 19. Rxd4 Rfb8 20. Rxd5 Nxd5 21. Qxd5+ Qxd5 22. Nxd5 Rxb2 23. Rc1 Rab8 24. Nc3 Rc8 25. Kf1 Kf7 26. h4 a5 27. g4 g6 28. Kg2 Rd2 29. g5 a4 30. Rd1 Rxd1 31. Nxd1 Rc2 32. a3 Ra2 0-1

[Event "EU-ch Online U2300 Final"]
[Site "Chess.com INT"]
[Date "2020.05.26"]
[Round "2"]
[White "Mica, Marek"]
[Black "Usmanov, Ilnur"]
[Result "0-1"]
[WhiteElo "2324"]
[BlackElo "2147"]
[PlyCount "70"]
[EventDate "2020.05.26"]
[EventType "swiss"]
[EventRounds "8"]
[EventCountry "NET"]
[SourceTitle "CBM 196 Extra"]
[Source "ChessBase"]
[SourceDate "2020.07.31"]
[SourceVersion "1"]
[SourceVersionDate "2020.07.31"]
[SourceQuality "1"]

1. d4 d5 2. Bf4 Nf6 3. e3 c5 4. Nc3 a6 5. dxc5 Nc6 6. Nf3 Bg4 7. Na4 e5 8. Bg5 Bxc5 9. Nxc5 Qa5+ 10. c3 Qxc5 11. Be2 Ne4 12. Bh4 f6 13. 0-0 g5 14. Bg3 h5 15. b4 Qd6 16. h3 Nxc3 17. Qd2 Nxe2+ 18. Qxe2 Bxf3 19. Qxf3 Kf7 20. Rfd1 Rad8 21. Rab1 Rd7 22. b5 axb5 23. Rxb5 d4 24. e4 h4 25. Bh2 Rhd8 26. Qf5 Kg7 27. g3 hxg3 28. Bxg3 d3 29. h4 Nd4 30. Qg4 Nxb5 31. hxg5 Rg8 32. Qf5 Nd4 33. gxf6+ Kf8 34. Qh3 Ne2+ 35. Kg2 Nf4+ 0-1

[Event "EU-ch Online U2300 Final"]
[Site "Chess.com INT"]
[Date "2020.05.26"]
[Round "7"]
[White "Usmanov, Ilnur"]
[Black "Klimkowski, Jan"]
[Result "1/2-1/2"]
[WhiteElo "2147"]
[BlackElo "2193"]
[PlyCount "42"]
[EventDate "2020.05.26"]
[EventType "swiss"]
[EventRounds "8"]
[EventCountry "NET"]
[SourceTitle "CBM 196 Extra"]
[Source "ChessBase"]
[SourceDate "2020.07.31"]
[SourceVersion "1"]
[SourceVersionDate "2020.07.31"]
[SourceQuality "1"]

1. c4 Nf6 2. Nc3 g6 3. g3 Bg7 4. Bg2 0-0 5. d4 d6 6. e3 Nc6 7. Nge2 Bf5 8. 0-0 Qd7 9. b3 Bh3 10. Bb2 Bxg2 11. Kxg2 e5 12. Nd5 Rfe8 13. Nxf6+ Bxf6 14. Qd2 exd4 15. Nxd4 Nxd4 16. Bxd4 Qf5 17. Bxf6 Qxf6 18. Rad1 Qe5 19. Qd5 Qe4+ 20. Qxe4 Rxe4 21. Rd5 b6 1/2-1/2

[Event "EU-ch Online U2300 Final"]
[Site "Chess.com INT"]
[Date "2020.05.26"]
[Round "3"]
[White "Usmanov, Ilnur"]
[Black "Rogule, Laura"]
[Result "1-0"]
[WhiteElo "2147"]
[BlackElo "2297"]
[PlyCount "57"]
[EventDate "2020.05.26"]
[EventType "swiss"]
[EventRounds "8"]
[EventCountry "NET"]
[SourceTitle "CBM 196 Extra"]
[Source "ChessBase"]
[SourceDate "2020.07.31"]
[SourceVersion "1"]
[SourceVersionDate "2020.07.31"]
[SourceQuality "1"]

1. c4 e5 2. Nc3 Nf6 3. Nf3 Nc6 4. e4 Be7 5. d4 exd4 6. Nxd4 d6 7. Be2 0-0 8. 0-0 Re8 9. f4 Bf8 10. Bf3 Bd7 11. b3 g6 12. Bb2 Bg7 13. Re1 Nxd4 14. Qxd4 Nxe4 15. Qxg7+ Kxg7 16. Nxe4+ Kh6 17. g4 Bxg4 18. Bxg4 Rxe4 19. Rxe4 f5 20. Bxf5 gxf5 21. Re3 Qd7 22. Rh3+ Kg6 23. Rg3+ Kh6 24. Kf2 Qc6 25. Rag1 Qc5+ 26. Kf1 Qxg1+ 27. Kxg1 Re8 28. Rg5 Re7 29. Kf2 1-0

[Event "EU-ch Online U2300 Qual"]
[Site "Chess.com INT"]
[Date "2020.05.25"]
[Round "2"]
[White "Usmanov, Ilnur"]
[Black "Protopopova, Anastasiya"]
[Result "1-0"]
[WhiteElo "2147"]
[BlackElo "2192"]
[PlyCount "93"]
[EventDate "2020.05.25"]
[EventType "swiss"]
[EventRounds "8"]
[EventCountry "NET"]
[SourceTitle "EXT 2021"]
[Source "ChessBase"]
[SourceDate "2020.10.23"]
[SourceVersion "1"]
[SourceVersionDate "2020.10.23"]
[SourceQuality "1"]

1. c4 e5 2. Nc3 Nf6 3. Nf3 Nc6 4. e4 a6 5. a3 Bc5 6. Be2 0-0 7. 0-0 Ba7 8. d3 d6 9. h3 h6 10. Be3 Be6 11. Bxa7 Rxa7 12. d4 exd4 13. Nxd4 Nxd4 14. Qxd4 Ra8 15. f4 Qe7 16. Bf3 Rab8 17. Nd5 Bxd5 18. cxd5 Nd7 19. b4 Rfc8 20. Rac1 b5 21. Bg4 h5 22. Bxh5 Nb6 23. Rc6 Nc4 24. a4 Re8 25. Bf3 Rb6 26. Rxb6 Nxb6 27. a5 Nc4 28. Re1 Qh4 29. Rf1 Qxf4 30. Bh5 Qxe4 31. Bxf7+ Kh7 32. Rf4 Qb1+ 33. Kh2 g5 34. Rf6 Re5 35. Bg6+ Qxg6 36. Rxg6 Kxg6 37. Qa7 Re2 38. Qxa6 Ne3 39. Qxb5 Rxg2+ 40. Kh1 Rg3 41. Qe8+ Kf5 42. Qe6+ Kf4 43. a6 g4 44. Qf6+ Ke4 45. Qg6+ Kf4 46. Qh6+ Ke4 47. a7 1-0

[Event "EU-ch Online U2300 Qual"]
[Site "Chess.com INT"]
[Date "2020.05.25"]
[Round "6"]
[White "Usmanov, Ilnur"]
[Black "Salna, Aleksandras"]
[Result "1-0"]
[WhiteElo "2147"]
[BlackElo "2063"]
[PlyCount "85"]
[EventDate "2020.05.25"]
[EventType "swiss"]
[EventRounds "8"]
[EventCountry "NET"]
[SourceTitle "EXT 2021"]
[Source "ChessBase"]
[SourceDate "2020.10.23"]
[SourceVersion "1"]
[SourceVersionDate "2020.10.23"]
[SourceQuality "1"]

1. c4 c6 2. Nc3 d5 3. d4 Nf6 4. cxd5 cxd5 5. Bf4 Nc6 6. e3 a6 7. Rc1 Bf5 8. Bd3 Bxd3 9. Qxd3 e6 10. Nf3 Bd6 11. Bg5 0-0 12. 0-0 h6 13. Bh4 Rc8 14. Na4 Nb4 15. Qb3 b5 16. Nc5 Bxc5 17. Rxc5 Rxc5 18. dxc5 Nc6 19. Nd4 Qc7 20. Bxf6 gxf6 21. Qc3 b4 22. Qd3 Ne5 23. Qc2 Nc4 24. c6 Rc8 25. b3 Na5 26. Rc1 Rb8 27. h3 Rb6 28. Qc5 Rb8 29. Rc2 Kg7 30. Rc1 Rc8 31. Qxb4 Kg6 32. Rc5 e5 33. Qxa5 Qxa5 34. Rxa5 exd4 35. exd4 Rxc6 36. Rxd5 f5 37. Rc5 Rd6 38. d5 Kg5 39. Rc6 Rxd5 40. Rxa6 f4 41. a4 f3 42. gxf3 Kf4 43. Rf6+ 1-0

[Event "RUS-ch rapid"]
[Site "Sochi"]
[Date "2019.10.15"]
[Round "5"]
[White "Lugovskoy, Maxim"]
[Black "Usmanov, Ilnur"]
[Result "1/2-1/2"]
[WhiteElo "2436"]
[BlackElo "2144"]
[PlyCount "43"]
[EventDate "2019.10.15"]
[EventType "swiss"]
[EventRounds "11"]
[EventCountry "RUS"]
[SourceTitle "CBM 192 Extra"]
[Source "Chessbase"]
[SourceDate "2019.11.06"]
[SourceVersion "1"]
[SourceVersionDate "2019.11.06"]
[SourceQuality "1"]

1. e4 c6 2. d4 d5 3. Nc3 dxe4 4. Nxe4 Nf6 5. Ng3 e5 6. Qe2 Qxd4 7. Nf3 Qb6 8. Qxe5+ Be7 9. Be3 Nbd7 10. Qxe7+ Kxe7 11. Nf5+ Kf8 12. Bxb6 Nxb6 13. Nd6 Ne8 14. Nxc8 Rxc8 15. 0-0-0 f6 16. g3 Nc7 17. Nd4 g6 18. h4 Kf7 19. h5 Rcd8 20. c3 Ne6 21. Nxe6 Kxe6 22. Bd3 1/2-1/2

[Event "Chigorin Memorial 27th"]
[Site "St Petersburg"]
[Date "2019.10.12"]
[Round "8"]
[White "Smorodkin, Kirill"]
[Black "Usmanov, Ilnur"]
[Result "1/2-1/2"]
[WhiteElo "1848"]
[BlackElo "2144"]
[PlyCount "84"]
[EventDate "2019.10.05"]
[EventType "swiss"]
[EventRounds "9"]
[EventCountry "RUS"]
[SourceTitle "EXT 2021"]
[Source "ChessBase"]
[SourceDate "2020.10.23"]
[SourceVersion "1"]
[SourceVersionDate "2020.10.23"]
[SourceQuality "1"]

1. e4 d5 2. exd5 Qxd5 3. Nc3 Qd6 4. d4 Nf6 5. Nf3 a6 6. g3 b5 7. Bf4 Qd8 8. Bg2 Bb7 9. a3 e6 10. 0-0 Bd6 11. Ne5 Qc8 12. Qe2 0-0 13. Rfd1 Bxg2 14. Kxg2 Qb7+ 15. Qf3 Nd5 16. Nxd5 Qxd5 17. Qxd5 exd5 18. Re1 Rd8 19. Rad1 Kf8 20. Kf3 Re8 21. Re3 Bxe5 22. Bxe5 Rc8 23. Rc3 f6 24. Bxc7 Ke8 25. Ba5 Rxc3+ 26. Bxc3 Nc6 27. Ke3 Kd7 28. Kd3 Re8 29. Re1 Rxe1 30. Bxe1 Nd8 31. b3 Kc6 32. c4 Ne6 33. f4 f5 34. Bd2 g6 35. h3 h5 36. h4 Nd8 37. Bb4 bxc4+ 38. bxc4 Nb7 39. Kc3 Nd8 40. Be7 Ne6 41. Bf6 dxc4 42. Kxc4 Nc7 1/2-1/2

[Event "Chigorin Memorial 27th"]
[Site "St Petersburg"]
[Date "2019.10.08"]
[Round "4"]
[White "Chekletsov, Ilya"]
[Black "Usmanov, Ilnur"]
[Result "1-0"]
[WhiteElo "2377"]
[BlackElo "2144"]
[PlyCount "77"]
[EventDate "2019.10.05"]
[EventType "swiss"]
[EventRounds "9"]
[EventCountry "RUS"]
[SourceTitle "EXT 2020"]
[Source "ChessBase"]
[SourceDate "2019.10.17"]
[SourceVersion "1"]
[SourceVersionDate "2019.10.17"]
[SourceQuality "1"]

1. d4 d5 2. c4 c6 3. Nf3 Nf6 4. Qc2 g6 5. Bf4 Bf5 6. Qb3 Qb6 7. c5 Qxb3 8. axb3 Bxb1 9. Rxb1 Nbd7 10. h3 Bg7 11. e3 Ne4 12. Bd3 0-0 13. b4 a6 14. Ke2 f5 15. Rhd1 Rfe8 16. Ne5 Nef6 17. Ra1 Nxe5 18. Bxe5 Nd7 19. f4 Bxe5 20. fxe5 Rf8 21. Rf1 e6 22. g4 fxg4 23. hxg4 Rxf1 24. Kxf1 Rf8+ 25. Kg2 Rf7 26. Bxa6 bxa6 27. Rxa6 Nf8 28. b5 cxb5 29. Rb6 h5 30. Rxb5 Rc7 31. b4 Nd7 32. Ra5 hxg4 33. b5 Kf7 34. b6 Rc8 35. Ra7 Ke8 36. b7 Rb8 37. c6 Kd8 38. Ra8 Kc7 39. cxd7 1-0

[Event "Chigorin Memorial 27th"]
[Site "St Petersburg"]
[Date "2019.10.06"]
[Round "2"]
[White "Abdisalimov, Abdimalik"]
[Black "Usmanov, Ilnur"]
[Result "1/2-1/2"]
[WhiteElo "2409"]
[BlackElo "2144"]
[PlyCount "53"]
[EventDate "2019.10.05"]
[EventType "swiss"]
[EventRounds "9"]
[EventCountry "RUS"]
[SourceTitle "EXT 2020"]
[Source "ChessBase"]
[SourceDate "2019.10.17"]
[SourceVersion "1"]
[SourceVersionDate "2019.10.17"]
[SourceQuality "1"]

1. d4 d5 2. c4 c6 3. cxd5 cxd5 4. Bf4 Nf6 5. Nc3 e6 6. e3 Bd6 7. Bxd6 Qxd6 8. Bd3 0-0 9. Rc1 Nc6 10. f4 b6 11. Nf3 Bb7 12. Ne5 Rac8 13. 0-0 Nb4 14. Bb1 Ne4 15. Bxe4 dxe4 16. a3 f6 17. axb4 fxe5 18. dxe5 Qxb4 19. Qd7 Qxb2 20. Qxe6+ Kh8 21. Qe7 Ba6 22. Rfd1 Rg8 23. f5 Rxc3 24. f6 Rxc1 25. fxg7+ Rxg7 26. Qd8+ Rg8 27. Qf6+ 1/2-1/2

[Event "Khanty-Mansiysk Governor Cup 6th"]
[Site "Khanty-Mansiysk"]
[Date "2010.09.23"]
[Round "7"]
[White "Musakaev, Emil"]
[Black "Usmanov, Ilnur"]
[Result "1-0"]
[WhiteElo "2295"]
[BlackElo "2095"]
[PlyCount "61"]
[EventDate "2010.09.17"]
[EventType "swiss"]
[EventRounds "10"]
[EventCountry "RUS"]
[SourceTitle "CBM 138 Extra"]
[Source "ChessBase"]
[SourceDate "2010.10.29"]
[SourceVersion "1"]
[SourceVersionDate "2010.10.29"]
[SourceQuality "1"]

1. e4 c6 2. d4 d5 3. e5 c5 4. c4 cxd4 5. Nf3 Nc6 6. Nxd4 Nxe5 7. cxd5 Qxd5 8. Nc3 Qd8 9. Bf4 Ng6 10. Be3 Nf6 11. Ndb5 a6 12. Qxd8+ Kxd8 13. Bb6+ Kd7 14. Nc7 Rb8 15. Rc1 e5 16. Ba7 Kxc7 17. Na4+ Kd8 18. Bxb8 Bb4+ 19. Nc3 Nd7 20. Ba7 b6 21. a3 Bd6 22. Bd3 Bb7 23. Be4 Bxe4 24. Nxe4 Bc7 25. 0-0 Nf4 26. Rc2 Ne6 27. Rfc1 Ndc5 28. Nxc5 Nxc5 29. b4 Ne6 30. Bxb6 Bxb6 31. Rc8+ 1-0

[Event "Khanty-Mansiysk Governor Cup 6th"]
[Site "Khanty-Mansiysk"]
[Date "2010.09.19"]
[Round "3"]
[White "Magomedov, Magaram"]
[Black "Usmanov, Ilnur"]
[Result "1-0"]
[WhiteElo "2511"]
[BlackElo "2095"]
[PlyCount "39"]
[EventDate "2010.09.17"]
[EventType "swiss"]
[EventRounds "10"]
[EventCountry "RUS"]
[SourceTitle "CBM 138 Extra"]
[Source "ChessBase"]
[SourceDate "2010.10.29"]
[SourceVersion "1"]
[SourceVersionDate "2010.10.29"]
[SourceQuality "1"]

1. d4 d5 2. c4 c6 3. Nc3 Nf6 4. e3 e6 5. Nf3 Nbd7 6. Qc2 Bd6 7. Bd3 0-0 8. 0-0 Re8 9. e4 dxe4 10. Nxe4 Nxe4 11. Bxe4 Nf6 12. Bg5 h6 13. Bxf6 Qxf6 14. c5 Bc7 15. Rad1 Kh8 16. Rfe1 Bd7 17. Ne5 Rad8 18. Qc3 Bc8 19. g3 Rxd4 20. Nxf7+ 1-0

[Event "Khanty-Mansiysk Governor Cup-B 5th"]
[Site "Khanty-Mansiysk"]
[Date "2009.12.01"]
[Round "8"]
[White "Zemerov, Eugenij"]
[Black "Usmanov, Ilnur"]
[Result "0-1"]
[WhiteElo "2069"]
[BlackElo "2013"]
[PlyCount "128"]
[EventDate "2009.11.24"]
[EventType "swiss"]
[EventRounds "11"]
[EventCountry "RUS"]
[SourceTitle "EXT 2011"]
[Source "ChessBase"]
[SourceDate "2010.11.26"]
[SourceVersion "1"]
[SourceVersionDate "2010.11.26"]
[SourceQuality "1"]

1. d4 d5 2. c4 c6 3. g3 Nf6 4. Bg2 Bf5 5. Nf3 e6 6. 0-0 h6 7. Nc3 Nbd7 8. Qb3 Qb6 9. c5 Qxb3 10. axb3 Be7 11. b4 Ne4 12. Ne1 Bf6 13. Bxe4 Bxe4 14. Nxe4 dxe4 15. Nc2 a6 16. Rd1 Bg5 17. Na3 0-0 18. Nc4 f5 19. Kg2 Nf6 20. Bxg5 hxg5 21. f3 exf3+ 22. exf3 Rad8 23. Nd6 Rd7 24. Re1 Ne8 25. Rxe6 Nxd6 26. cxd6 Rfd8 27. Rae1 Rxd6 28. Rxd6 Rxd6 29. Re7 b5 30. Rc7 Rxd4 31. Rxc6 Rxb4 32. Rxa6 Rxb2+ 33. Kh3 Kh7 34. f4 gxf4 35. gxf4 g6 36. Kg3 b4 37. Ra7+ Kh6 38. Rb7 b3 39. h3 Rb1 40. Kg2 b2 41. Kh2 g5 42. fxg5+ Kxg5 43. Rb8 Kf6 44. Rb6+ Ke5 45. h4 f4 46. h5 f3 47. h6 f2 48. h7 Rh1+ 49. Kxh1 f1Q+ 50. Kh2 Qf2+ 51. Kh1 Qh4+ 52. Kg1 Qxh7 53. Rxb2 Qg6+ 54. Rg2 Qb1+ 55. Kh2 Kf4 56. Rg7 Qb2+ 57. Rg2 Qe5 58. Kg1 Qe1+ 59. Kh2 Qh4+ 60. Kg1 Kf3 61. Rg8 Qe1+ 62. Kh2 Qd2+ 63. Kg1 Qc1+ 64. Kh2 Qc2+ 0-1

[Event "Khanty-Mansiysk Governor Cup-B 5th"]
[Site "Khanty-Mansiysk"]
[Date "2009.11.27"]
[Round "4"]
[White "Usmanov, Ilnur"]
[Black "Kabanova, Ekaterina"]
[Result "0-1"]
[WhiteElo "2013"]
[BlackElo "2193"]
[PlyCount "60"]
[EventDate "2009.11.24"]
[EventType "swiss"]
[EventRounds "11"]
[EventCountry "RUS"]
[SourceTitle "EXT 2011"]
[Source "ChessBase"]
[SourceDate "2010.11.26"]
[SourceVersion "1"]
[SourceVersionDate "2010.11.26"]
[SourceQuality "1"]

1. d4 c5 2. e3 a6 3. f4 e6 4. Nf3 Nf6 5. Bd3 Qc7 6. c3 Be7 7. 0-0 b5 8. Bd2 Bb7 9. Be1 d6 10. a4 c4 11. Bc2 0-0 12. Nbd2 Nbd7 13. Bh4 Rfe8 14. e4 e5 15. fxe5 dxe5 16. Bg3 Bd6 17. Re1 Rad8 18. axb5 axb5 19. d5 Bc5+ 20. Kh1 Ng4 21. Nd4 Ndf6 22. Nxb5 Qb6 23. Ba4 Bf2 24. Nxc4 Qc5 25. Qe2 Bxg3 26. hxg3 Nf2+ 27. Kg1 Nd3+ 28. Kh1 Qxc4 29. Red1 Nxe4 30. Kh2 Nef2 0-1